| 000 | 00705nam a2200229Ia 4500 | ||
|---|---|---|---|
| 003 | OSt | ||
| 005 | 20210511120739.0 | ||
| 008 | 210310s1963 enk fr 001 0 eng d | ||
| 040 |
_aCO-JMCR _cCO-JMCR |
||
| 041 | 0 | _aeng | |
| 082 | 0 | 4 |
_a336.001 / _bP936p _223 |
| 100 | 1 |
_aPrest, Alan Richmond, _915190 _eautor |
|
| 245 | 1 | 0 |
_aPublic finance in theory and practice / _cA. R. Prest |
| 250 | _aSecond edition | ||
| 260 |
_aLondon : _bWeidenfeld and Nicolson, _c1963 |
||
| 300 |
_a408 páginas ; _c22 cm. |
||
| 500 | _aIncluye índice alfabético. | ||
| 504 | _aBibliografía: páginas [402]-404 | ||
| 505 | 0 | _aAnalysis -- Description -- Policy | |
| 650 | 1 | 4 |
_aFinanzas públicas _915192 |
| 942 |
_2ddc _cBK |
||
| 999 |
_c7698 _d7698 |
||